| 000 | 00459nam a22001817a 4500 | ||
|---|---|---|---|
| 003 | NUST - PNEC | ||
| 005 | 20170116181202.0 | ||
| 008 | 160217b xxu||||| |||| 00| 0 eng d | ||
| 020 | _a- | ||
| 040 | _cLIBRARY | ||
| 082 | _a641.5 NAR | ||
| 100 |
_916498 _aNargis Zaheer |
||
| 245 |
_aGosht ke pakwan (Asian Food) _cZakir |
||
| 260 |
_aKarachi: _bShama Book Agency |
||
| 300 | _a128 pages | ||
| 650 |
_916494 _aFood, receipes _xGeneral |
||
| 942 |
_2ddc _cBK |
||
| 999 |
_c71509 _d71509 |
||